Dinámica de los grupos en acción. (Registro nro. 6049)

Detalles MARC
000 -CABECERA
campo de control de longitud fija 00697nam a22002531a 4500
003 - IDENTIFICADOR DEL NÚMERO DE CONTROL
campo de control AR-BaBN
005 - FECHA Y HORA DE LA ÚLTIMA TRANSACCIÓN
campo de control 20250625090652.0
007 - CAMPO FIJO DE DESCRIPCIÓN FÍSICA--INFORMACIÓN GENERAL
campo de control de longitud fija ta
008 - DATOS DE LONGITUD FIJA--INFORMACIÓN GENERAL
campo de control de longitud fija 050901s1964 ag |||||||||||||| ||spa
015 ## - NÚMERO DE BIBLIOGRAFÍA NACIONAL
Número de bibliografía nacional AR-1964
040 ## - FUENTE DE LA CATALOGACIÓN
Centro catalogador/agencia de origen AR-BaBN
Lengua de catalogación
Centro/agencia transcriptor
Normas de descripción
044 ## - CÓDIGO DEL PAÍS DE LA ENTIDAD EDITORA/PRODUCTORA
Código MARC del país ag
Código ISO del país ar-c
080 ## - NÚMERO DE LA CLASIFICACIÓN DECIMAL UNIVERSAL
Número de la Clasificación Decimal Universal 316.6
100 1# - ENTRADA PRINCIPAL--NOMBRE DE PERSONA
Nombre de persona Thelen, Herbert A.
245 10 - MENCIÓN DE TÍTULO
Título Dinámica de los grupos en acción.
260 ## - PUBLICACIÓN, DISTRIBUCIÓN, ETC. (PIE DE IMPRENTA)
Lugar de publicación, distribución, etc. Buenos Aires :
Nombre del editor, distribuidor, etc. Ediciones de la Escuela,
Fecha de publicación, distribución, etc. 1964.
300 ## - DESCRIPCIÓN FÍSICA
Extensión 315 p.
650 ## - PUNTO DE ACCESO ADICIONAL DE MATERIA--TÉRMINO DE MATERIA
Término de materia o nombre geográfico como elemento inicial Psicologia
9 (RLIN) 108
650 ## - PUNTO DE ACCESO ADICIONAL DE MATERIA--TÉRMINO DE MATERIA
Término de materia o nombre geográfico como elemento inicial Grupos
930 #1 - EQUIVALENCIA O REFERENCIA CRUZADA-ENCABEZAMIENTO DE TÍTULO UNIFORME [LOCAL, CANADÁ]
Lenguaje de la obra BNA01
Medio de interpretación para música LIBRO
Enlace 00269995
Enlace entre campo y número de secuencia 20110912
Fecha de publicación/de la obra 11
Número de parte o sección de la obra 000
Mención de arreglo para música 001068559
942 ## - ELEMENTOS DE PUNTO DE ACCESO ADICIONAL (KOHA)
Fuente del sistema de clasificación o colocación Clasificación Decimal Universal
Tipo de ítem Koha Libros
956 ## - LOCALIZACIÓN Y ACCESO ELECTRÓNICOS LOCAL (OCLC)
Nombre del host GSL
Número de acceso 00
Información sobre la compresión 20110916
Proceso de conexión (Logon) BNA01
Procesador de la petición 0255
956 ## - LOCALIZACIÓN Y ACCESO ELECTRÓNICOS LOCAL (OCLC)
Nombre del host GSL
Información sobre la compresión 20130615
Proceso de conexión (Logon) BNA01
Procesador de la petición 0009
Existencias
Estado de retiro Estado de pérdida Fuente del sistema de clasificación o colocación Estado dañado Excepción de préstamo Código de colección Localización permanente Ubicación/localización actual Ubicación en estantería Fecha de adquisición Fuente de adquisición Número de inventario Total de préstamos Signatura topográfica completa Código de barras Fecha visto por última vez Precio válido a partir de Tipo de ítem Koha
    Clasificación Decimal Universal     Psicología BIBLIOTECA RIOBAMBA BIBLIOTECA RIOBAMBA BIBLIOTECA RIOBAMBA 25/06/2025 Donación 8753   316.6 THE 8753 25/06/2025 25/06/2025 Libros